Gathering moss : (Registro nro. 8667)

Detalles MARC
000 -CABECERA
Campo de control 00649nam a22002057a 4500
005 - FECHA Y HORA DE LA ULTIMA TRANSACCION
Campo de control 20140904100325.0
008 - ELEMENTOS DE LONGITUD FIJA—INFORMACION GENERAL
Campo de control 140904|2003 xxu||||| |||| 00| 0 ck spa d
020 ## - ISBN
ISBN 0870714996
041 ## - IDIOMA
Código de idioma para texto/pista de sonido o título separado Inglés
044 ## - PAÍS DE PUBLICACIÓN
País de publicación Estados Unidos
082 ## - NUMERO DE CLASIFICACION DECIMAL DEWEY
Número de clasificación 588
Número del ítem K49g
100 ## - ASIENTO PRINCIPAL--NOMBRE PERSONAL
Nombre personal Kimmerer, Robin Wall.
245 ## - MENCION DE TITULO
Título Gathering moss :
Parte restante del título A natural and cultural history of mosses
Mención de responsabilidad Robin Wall, Kimmerer
260 ## - PUBLICACION, DISTRIBUCION, ETC. (PIE DE IMPRENTA)
Lugar de publicación, distribución, etc. Corvallis, OR
Nombre del editor, distribuidor, etc. Oregon State University Press
Fecha de publicación, distribución, etc. 2003
300 ## - DESCRIPCION FISICA
Extensión 168 p.
Otros detalles físicos Il.
Dimensiones 23 cm.
504 ## - NOTA DE BIBLIOGRAFIA, ETC.
Nota de bibliografía Incluye referencias bibliográficas (pag 163-165)
650 ## - ASIENTO SECUNDARIO DE MATERIA - TERMINO TEMATICO
Término temático o nombre geográfico como elemento de entrada Musgos
650 ## - ASIENTO SECUNDARIO DE MATERIA - TERMINO TEMATICO
Término temático o nombre geográfico como elemento de entrada Musgos
Subdivisión general Ecología
942 ## - ELEMENTOS ADICIONALES (KOHA)
Sistema de clasificación Dewey Decimal Classification
Tipo de ítem Libro
Existencias
Withdrawn status Lost status Sistema de Clasificación Damaged status No para préstamo Colección Inventariado Ubicación Permanente Ubicación actual Fecha de adquisición Fuente de Valor Valor Total Checkouts Número topográfico Inventario / Código de Barras Date last seen Ejemplar Price effective from Forma de adquisición Tipo de material
    Dewey Decimal Classification     General Inventariado 2017 Bogotá Bogotá 04/09/2014 Amazon 60000.00   LB-588 K49g 034183 04/09/2014 Ej. 1 04/09/2014   Libro